| 000 | 00832nam a22002294a 4500 | ||
|---|---|---|---|
| 005 | 20090604160452.0 | ||
| 008 | 020212s2002 flua 000 0 eng | ||
| 010 | _aENG-93892 | ||
| 020 |
_c300.00 _a8181040597 |
||
| 035 | _aEN-77425 | ||
| 037 | _bDBAD / PUB | ||
| 040 |
_adpl _bEnglish |
||
| 082 | _a330.03 | ||
| 100 | _aSharma, Ravinder | ||
| 245 |
_aA dictionary of economics / _cby Ravinder Sharma |
||
| 260 |
_aNew Delhi _bRachan Prakashan _c2008 |
||
| 270 |
_aA-47, Amar Colony, Lajpat Nagar, _bNew Delhi _e110024 |
||
| 300 |
_a351p. _c22cm(Hb) |
||
| 650 |
_aEconomics _vDictionaries |
||
| 942 |
_2ddc _cEN _mSHA _h330.03 |
||
| 999 |
_c27242 _d27242 |
||